00273 a2200097 4500001001000000005001700010008004100027245004400068100002200112773004100134ART_5376020260410161634.0260409a 10aCómo tomar decisiones más efectivas1 aBonatti, Patricia0 tEnfoquesg- N°9 (sep. 2021)wREV416